Forsaken Maps - Statistics

General Stats
  • This quiz has been taken 77 times
    13 since last reset
  • The average score is 6 of 20
Answer Stats
Map % Correct
C00l Carnival
75%
Planet Voss
75%
Yorick's Resting Place
75%
Work at a Pizza Place
63%
Cake Factory
50%
Underground War
50%
Glass Houses
38%
Horror Hotel
38%
The Tempest
38%
brandon6875935's place
25%
Pirate Bay
25%
Beach House Paradise
13%
Bluuworld
13%
Classic Battlegrounds
13%
Ultimate Assassin Grounds
13%
Classic Familiar Ruins
0%
Familiar Ruins
0%
Hallowe'en Yorick's Resting Place
0%
Memories Underground War
0%
New Glass Houses
0%
No matching quizzes found
Score Distribution
Percent of People with Each Score
Percentile by Number Answered
Your Score History
You have not taken this quiz since the last reset